Responses for Show #5477 - Tuesday, June 3, 2008

Contestants

[<< previous game]

Lisa Boles, a multimedia producer from Marlborough, Massachusetts

Alonzo Alexander, a teacher originally from Norlina, North Carolina

Chris Vestuto, a test prep teacher from Goleta, California (whose 1-day cash winnings total $14,000)

[next game >>]

Jeopardy! Round responses

HISTORIC WOMEN
SNL ON FILM
CLASSIC ADS & JINGLES
AT THE HOSPITAL
MUSEUMS
"OUT" IS IN
    $200 2
Mary, Queen of Scots

Lisa
    $200 11
Blues Brothers

Alonzo
    $200 16
Chicken of the Sea

Alonzo
    $200 20
an x-ray

Alonzo
    $200 26
bicycles

Chris
    $200 6
to shout

Alonzo
    $400 3
Eleanor Roosevelt

Chris
    $400 12
Wayne's World

Alonzo
    $400 17
(Alonzo: What is Cheerios?)
(Alex: Cheeriooos--be more specific.)
(Alonzo: What are [*]?)

Honey Nut Cheerios

Alonzo
    $400 21
acupuncture

Chris
    $400 27
Israel

Lisa
    $400 7
stout

Chris
    $600 4
Marie Antoinette

Alonzo
    $600 13
Coneheads

Alonzo
    $600 18
Zest

Triple Stumper
    $600 22
critical

Alonzo
    $600 28
(Alan) Shepard

Alonzo
    $600 8
a waterspout

Lisa
    $1,000 5
Harriet Tubman

Alonzo
    $800 14
A Night at the Roxbury

Alonzo
    $800 19
Pepsodent

Chris
    $800 23
an anesthesiologist

Chris
    $800 29
Goodyear

Chris
    $800 9
to wipe out

Alonzo
    $1000 1
(Jane) Addams

Alonzo
    $1000 15
It's Pat

Triple Stumper
    $1000 25
(Alonzo: What is Arm & Hammer?)

Ziploc

AlonzoLisa
    $1000 24
an incubation chamber

Alonzo
    $1000 30
(Georgia) O'Keeffe

Alonzo
    $1000 10
a blackout

Chris

Scores at the first commercial break (after clue 15):

Chris Alonzo Lisa
$1,800 $5,600 $800

Scores at the end of the Jeopardy! Round:

Chris Alonzo Lisa
$4,800 $8,600 $2,200

Double Jeopardy! Round responses

WORLD GEOGRAPHY
REVIVALS
SUE GRAFTON'S ALPHABET MYSTERIES
THE "IZ" HAVE IT
MAGAZINES
POTPOURRI
    $400 2
(Alonzo: What is Tibet?)

Nepal

ChrisAlonzo
    $400 1
Rosie O'Donnell

Alonzo
    $400 7
(Lisa: What is Burglary?)

Burglar

AlonzoLisa
    $400 22
to dramatize

Lisa
    $400 17
The New Yorker

Chris
    $400 12
tea

Alonzo
    $800 3
(Alex: I just love the hats Jeff gets to wear! I've gotta get me some of those.)

a reservoir

Triple Stumper
    $800 23
Dolly

Chris
    $800 8
Gumshoe

Lisa
    $800 24
magnetize

Chris
    $800 18
Time & Life

Chris
    $800 13
Skittles

Alonzo
    $1200 4
Ireland

Alonzo
    $2,000 28
Oklahoma!

Chris
    $1200 9
Peril

Alonzo
    $1200 25
iodized

Chris
    $1200 19
Vibe

Alonzo
    $1200 14
flat

Alonzo
    $1600 5
the Rio de la Plata

Triple Stumper
    $1600 29
Carousel

Chris
    $1600 10
Ricochet

Alonzo
    $1600 26
localized

Triple Stumper
    $1600 20
a cosmopolitan

Chris
    $1600 15
a loafer

Alonzo
    $2000 6
the Khyber Pass

Alonzo
    $2000 30
The Hairy Ape

Lisa
    $2000 11
Trespass

Alonzo
    $2,000 27
mesmerize

Chris
    $2000 21
Scientific American

Chris
    $2000 16
Cutty Sark

Chris

Scores at the end of the Double Jeopardy! Round:

Chris Alonzo Lisa
$20,400 $22,200 $5,000

[wagering suggestions for these scores]

Final Jeopardy! Round responses

BUSINESS
LisaWhat is General Electric?
$4,900
ChrisWhat is General Electric
$10,000
AlonzoWhat is General Electric?
$18,601
AT&T

Final scores:

Chris Alonzo Lisa
$10,400 $3,599 $100
2-day champion: $24,400 2nd place: $2,000 3rd place: $1,000

Game dynamics:

Coryat scores:

Chris Alonzo Lisa
$19,600 $22,000 $5,000
20 R
(including 2 DDs),
0 W
28 R
(including 1 DD),
2 W
7 R,
1 W

Combined Coryat: $46,600

[game clues] [game scores] [suggest correction]

Game tape date: 2008-02-27
The J! Archive is created by fans, for fans. Scraping, republication, monetization, and malicious use prohibited; this site may use cookies and collect identifying information. See terms. The Jeopardy! game show and all elements thereof, including but not limited to copyright and trademark thereto, are the property of Jeopardy Productions, Inc. and are protected under law. This website is not affiliated with, sponsored by, or operated by Jeopardy Productions, Inc. Join the discussion at JBoard.tv.